How to talk to anyone : (Record no. 932)
[ view plain ]
| 000 -LEADER | |
|---|---|
| fixed length control field | 02412cam a22003854a 4500 |
| 001 - CONTROL NUMBER | |
| control field | 13203334 |
| 003 - CONTROL NUMBER IDENTIFIER | |
| control field | BD-DhCDI |
| 005 - DATE AND TIME OF LATEST TRANSACTION | |
| control field | 20260209053559.0 |
| 008 - FIXED-LENGTH DATA ELEMENTS--GENERAL INFORMATION | |
| fixed length control field | 030519s2003 ilu b 000 0 eng |
| 010 ## - LIBRARY OF CONGRESS CONTROL NUMBER | |
| LC control number | 2003011300 |
| 020 ## - INTERNATIONAL STANDARD BOOK NUMBER | |
| International Standard Book Number | 007141858X |
| 035 ## - SYSTEM CONTROL NUMBER | |
| System control number | 13203334 |
| 040 ## - CATALOGING SOURCE | |
| Original cataloging agency | DLC |
| Transcribing agency | DLC |
| Modifying agency | DLC |
| 042 ## - AUTHENTICATION CODE | |
| Authentication code | pcc |
| 050 00 - LIBRARY OF CONGRESS CALL NUMBER | |
| Classification number | HM1166 |
| Item number | .L68 2003 |
| 082 00 - DEWEY DECIMAL CLASSIFICATION NUMBER | |
| Classification number | 302.2 |
| Edition number | 23 |
| Item number | LOH 1999 |
| 100 1# - MAIN ENTRY--PERSONAL NAME | |
| Personal name | Lowndes, Leil. |
| 9 (RLIN) | 1735 |
| 245 10 - TITLE STATEMENT | |
| Title | How to talk to anyone : |
| Remainder of title | 92 little tricks for big success in relationships / |
| Statement of responsibility, etc. | Leil Lowndes. |
| 260 ## - PUBLICATION, DISTRIBUTION, ETC. | |
| Place of publication, distribution, etc. | Chicago, Ill. : |
| Name of publisher, distributor, etc. | - |
| Date of publication, distribution, etc. | c1999. |
| 300 ## - PHYSICAL DESCRIPTION | |
| Extent | ix, 287 p. ; |
| Dimensions | 21.3 cm. |
| 336 ## - CONTENT TYPE | |
| Content type term | text |
| Content type code | txt |
| Source | rdacontent |
| 337 ## - MEDIA TYPE | |
| Media type term | unmediated |
| Media type code | n |
| Source | rdamedia |
| 338 ## - CARRIER TYPE | |
| Carrier type term | volume |
| Carrier type code | nc |
| Source | rdacarrier |
| 504 ## - BIBLIOGRAPHY, ETC. NOTE | |
| Bibliography, etc. note | Includes bibliographical references p. (343-345). |
| 520 ## - SUMMARY, ETC. | |
| Summary, etc. | "You'll not only break the ice, you'll melt it away with your new skills." Larry King<br/><br/>"The lost art of verbal communication may be revitalized by Leil Lowndes." Harvey McKay, author of “How to Swim with the Sharks Without Being Eaten Alive”<br/><br/>What is that magic quality makes some people instantly loved and respected? Everyone wants to be their friend (or, if single, their lover!) In business, they rise swiftly to the top of the corporate ladder. What is their "Midas touch?"<br/><br/>What it boils down to is a more skillful way of dealing with people.<br/><br/>The author has spent her career teaching people how to communicate for success. In her book How to Talk to Anyone (Contemporary Books, October 2003) Lowndes offers 92 easy and effective sure fire success techniques she takes the reader from first meeting all the way up to sophisticated techniques used by the big winners in life. In this information packed book you’ll find |
| 650 #0 - SUBJECT ADDED ENTRY--TOPICAL TERM | |
| Topical term or geographic name entry element | Interpersonal communication. |
| 9 (RLIN) | 1736 |
| 650 #0 - SUBJECT ADDED ENTRY--TOPICAL TERM | |
| Topical term or geographic name entry element | Body language. |
| 9 (RLIN) | 1737 |
| 856 42 - ELECTRONIC LOCATION AND ACCESS | |
| Materials specified | Contributor biographical information |
| Uniform Resource Identifier | <a href="http://www.loc.gov/catdir/bios/mh042/2003011300.html">http://www.loc.gov/catdir/bios/mh042/2003011300.html</a> |
| 856 41 - ELECTRONIC LOCATION AND ACCESS | |
| Materials specified | Table of contents |
| Uniform Resource Identifier | <a href="http://www.loc.gov/catdir/toc/ecip044/2003011300.html">http://www.loc.gov/catdir/toc/ecip044/2003011300.html</a> |
| 856 42 - ELECTRONIC LOCATION AND ACCESS | |
| Materials specified | Publisher description |
| Uniform Resource Identifier | <a href="http://www.loc.gov/catdir/description/mh031/2003011300.html">http://www.loc.gov/catdir/description/mh031/2003011300.html</a> |
| 906 ## - LOCAL DATA ELEMENT F, LDF (RLIN) | |
| a | 7 |
| b | cbc |
| c | orignew |
| d | 1 |
| e | ecip |
| f | 20 |
| g | y-gencatlg |
| 942 ## - ADDED ENTRY ELEMENTS (KOHA) | |
| Source of classification or shelving scheme | Dewey Decimal Classification |
| Koha item type | Books |
| Withdrawn status | Lost status | Source of classification or shelving scheme | Damaged status | Not for loan | Collection code | Home library | Current library | Shelving location | Date acquired | Source of acquisition | Total Checkouts | Full call number | Barcode | Date last seen | Copy number | Price effective from | Koha item type |
|---|---|---|---|---|---|---|---|---|---|---|---|---|---|---|---|---|---|
| Dewey Decimal Classification | Reference | Caritas Development Institute Library | Caritas Development Institute Library | New Materials Shelf | 19/01/2026 | Purchase | 302.2 LOH 1999 | 12360 | 09/02/2026 | 1 | 09/02/2026 | Books |